[Event "GER-chT School WK GS"]
[Site "Playchess.com INT"]
[Date "2020.06.18"]
[Round "7.3"]
[White "Schwind, Felix"]
[Black "Moll, Benjamin"]
[Result "0-1"]
[WhiteElo "1472"]
[BlackElo "1384"]
[PlyCount "70"]
[EventDate "2020.06.11"]
[EventType "team-swiss (blitz)"]
[EventRounds "7"]
[EventCountry "GER"]
[SourceTitle "EXT 2021"]
[Source "ChessBase"]
[SourceDate "2020.10.23"]
[SourceVersion "1"]
[SourceVersionDate "2020.10.23"]
[SourceQuality "1"]
[WhiteTeam "Trier Tarf RP"]
[BlackTeam "Leipzig Sachs"]
[WhiteTeamCountry "GER"]
[BlackTeamCountry "GER"]

1. e4 e5 2. Nf3 Nc6 3. Bc4 Nf6 4. Ng5 d5 5. exd5 Nxd5 6. Bxd5 Qd7 7. Bxf7+ Ke7 8. Be6 Qd6 9. Bxc8 Rxc8 10. Nc3 h6 11. Nce4 Qg6 12. h4 hxg5 13. hxg5 Rxh1+ 14. Ke2 Rxd1 15. Kxd1 Qxe4 16. d3 Qg4+ 17. f3 Qxg2 18. Be3 Qf1+ 19. Kd2 Qxa1 20. Bc5+ Kf7 21. Bxf8 Rxf8 22. Kc3 Rh8 23. a3 b5 24. Kb3 Nd4+ 25. Kc3 c5 26. Kd2 Qxb2 27. Ke3 Rh2 28. Ke4 Re2+ 29. Kd5 Qa2+ 30. Kxc5 Nxc2 31. Kxb5 Qd5+ 32. Ka6 Nxa3 33. Kxa7 Rb2 34. Ka6 Qb5+ 35. Ka7 Qa5# 0-1

[Event "GER-chT School WK GS"]
[Site "Playchess.com INT"]
[Date "2020.06.11"]
[Round "3.3"]
[White "Schwind, Felix"]
[Black "Witte, Leonard"]
[Result "0-1"]
[WhiteElo "1472"]
[BlackElo "1678"]
[PlyCount "60"]
[EventDate "2020.06.11"]
[EventType "team-swiss (blitz)"]
[EventRounds "7"]
[EventCountry "GER"]
[SourceTitle "EXT 2021"]
[Source "ChessBase"]
[SourceDate "2020.10.23"]
[SourceVersion "1"]
[SourceVersionDate "2020.10.23"]
[SourceQuality "1"]
[WhiteTeam "Trier Tarf RP"]
[BlackTeam "Hopfengarten Sah"]
[WhiteTeamCountry "GER"]
[BlackTeamCountry "GER"]

1. c3 e6 2. d4 g6 3. e4 Bh6 4. f3 Bxc1 5. Qxc1 Nc6 6. Bb5 Na5 7. Ne2 a6 8. Ba4 b5 9. Bc2 Qh4+ 10. g3 Qd8 11. 0-0 c6 12. Nf4 Qb6 13. Qe3 e5 14. Nh3 exd4 15. cxd4 d5 16. exd5+ Kd8 17. dxc6 Bxh3 18. Re1 Kc7 19. Qf4+ Kxc6 20. Qe4+ Kc7 21. Qxa8 Qxd4+ 22. Kh1 Qf2 23. Rg1 Qxc2 24. Qa7+ Kc8 25. Qxa6+ Kd7 26. Qxb5+ Nc6 27. Na3 Qf2 28. Rad1+ Kc7 29. Nc4 Qxf3+ 30. Rg2 Qxg2# 0-1